000 01908cas a2200349 i 4500
001 000045909
003 DO-SdBNP
005 20251201113055.0
007 ta
008 150526c1978 dr tr1pddd z| z0spa d
040 _aDO-SdBNP
_bspa
_cBNPHU
_erda
041 _hspa
043 _anwdr
110 _aSecretaría de Estado y Educación, Bellas Artes y Cultos.
_956410
222 _aRevista de pedagogía.
245 0 0 _aEducación :
_brevista de la Secretaría de Estado de Educación, Bellas Artes y Cultos /
_cSecretaría de Estado de Educación, Bellas Artes y Cultos ; director: Armando Cordero.
264 _aSanto Domingo, República Dominicana :
_bSecretaría de Estado de Educación, Bellas Artes y Cultos.
_bDepartamento de Pedagogía de la UASD,
_c1978-.
300 _avolumen :
_bilustraciones, fotografías, gráficas ;
_c22 cm.
310 _aTrimestral.
336 _atexto
_btxt
_2rdacontent
337 _asin mediación
_bn
_2rdamedia
338 _avolumen
_bnc
_2rdacarrier
362 1 _aInicia con: año.1: no.1 (junio, 1978).
500 _aCatalogación basada en: año.1: no.1 (junio, 1978).
500 _aÓrgano de expresión del Departamento de Pedagogía de la Universidad Autónoma de Santo Domingo.
520 _aLa obra realizada por el doctor Joaquín Balaguer como educador, ha trazado surcos de oro en las caldeadas páginas de la historia dominicana. Las múltiples realizaciones que ella informa, constituyen en permanentes hitos de la dominicanidad en proyección vertical hacia el pináculo de la grandeza humana.
650 0 4 _aPedagogía
_vPublicaciones periódicas
_zRepública Dominicana
_973978
651 4 _aRepública Dominicana
_xEducación
_vPublicaciones periódicas
_973979
700 _aCordero, Armando
_936629
_edirector.
710 2 _aDepartamento de Pedagogía de la Universidad Autónoma de Santo Domingo.
_eeditor.
_973980
942 _2ddc
_cISSUE
999 _c45398
_d45398